000
00298nam a22001337a 4500
008
171222b xxu||||| |||| 00| 0 eng d
020
_a
9780136032816`
041
_a
eng
080
_2
5 ED
_a
94
100
_a
16
101
_a
HIS
245
_a
THE AMERICAN JOURNEY
_c
ANDERSON.G
942
_2
udc
_c
BK
999
_c
39315
_d
39315